Sumbangan pergerakan reformasi kaum wanita terhadap perkembangan peradaban India sebelum kemerdekaan /
Saved in:
| Main Author: | |
|---|---|
| Format: | Thesis Book |
| Language: | Malay |
| Published: |
2004.
|
| Subjects: | |
| Online Access: | http://studentsrepo.um.edu.my/id/eprint/1796 |
| Tags: |
Add Tag
No Tags, Be the first to tag this record!
|
| LEADER | 01203cam a2200289 a 4500 | ||
|---|---|---|---|
| 001 | u524590 | ||
| 003 | SIRSI | ||
| 008 | 040710s2004 my a t 00 10 may m | ||
| 035 | |a ADB-8056 | ||
| 040 | |a UMM | ||
| 043 | |a a-ii--- | ||
| 090 | |a CB20 |b UM 2004 Ana | ||
| 100 | 0 | 0 | |a Ananthy Sankaran. |
| 245 | 1 | 0 | |a Sumbangan pergerakan reformasi kaum wanita terhadap perkembangan peradaban India sebelum kemerdekaan / |c Ananthy a/p Sankaran. |
| 260 | |c 2004. | ||
| 300 | |a v, 113 leaves : |b ill. ; |c 30 cm. | ||
| 502 | |a Dissertation (M.A. (Civilization Stud.)) -- Pengajian Peradaban, Fakulti Sastera dan Sains Sosial, Universiti Malaya, 2004. | ||
| 504 | |a Bibliography: leaves 107-113. | ||
| 650 | 0 | |a Women |z India |y 19th century. | |
| 650 | 0 | |a Social change |z Melanesia. |z India. | |
| 651 | 0 | |a India |x Civilization |y 1765-1947. | |
| 710 | 2 | 0 | |a Universiti Malaya. |b Fakulti Sastera dan Sains Sosial. |b Pengajian Peradaban. |
| 856 | |f IARC:A511953612 |z Click Here for Abstract and Table of Contents | ||
| 856 | 4 | 1 | |u http://studentsrepo.um.edu.my/id/eprint/1796 |
| 948 | |a 10/07/2004 |b 30/07/2004 | ||
| 596 | |a 1 | ||
| 999 | |a CB20 UM 2004 ANA |w LC |c 1 |i A511568253 |d 19/3/2014 |e 19/3/2014 |l STACKS |m P01UTAMA |n 4 |r Y |s Y |t TESIS |u 3/8/2004 | ||
